The big book Presentation Games (Record no. 168797)

MARC details
000 -LEADER
fixed length control field 00490nam a2200205Ia 4500
008 - FIXED-LENGTH DATA ELEMENTS--GENERAL INFORMATION
fixed length control field 240823s9999||||xx |||||||||||||| ||und||
020 ## - INTERNATIONAL STANDARD BOOK NUMBER
International Standard Book Number 0-07-059043-5
082 ## - DEWEY DECIMAL CLASSIFICATION NUMBER
-- 658.40353 P4
100 ## - MAIN ENTRY--PERSONAL NAME
Personal name "Scannell,Edward"
245 #4 - TITLE STATEMENT
Title The big book Presentation Games
250 ## - EDITION STATEMENT
Edition statement 1st
260 ## - PUBLICATION, DISTRIBUTION, ETC. (IMPRINT)
Date of publication, distribution, etc 2004
Name of publisher, distributor, etc TMH New D
500 ## - GENERAL NOTE
General note YES
650 ## - SUBJECT ADDED ENTRY--TOPICAL TERM
Topical term or geographic name as entry element Games
700 ## - ADDED ENTRY--PERSONAL NAME
Personal name " Newstrom,John"
942 ## - ADDED ENTRY ELEMENTS (KOHA)
Item type Books
Holdings
Withdrawn status Lost status Damaged status Permanent location Current location Date acquired Source of acquisition Cost, normal purchase price Full call number Barcode Date last seen Koha item type
      CENTRAL LIBRARY, NOORUL ISLAM CENTRE FOR HIGHER EDUCATION CENTRAL LIBRARY, NOORUL ISLAM CENTRE FOR HIGHER EDUCATION 01/10/2005 Global Book Syndicate 350.00 658.40353 P4 23183 08/23/2024 Books
Visitors:
Copyright © 2024 Central Library NICHE.  All rights reserved.